000 00700nam a2200241 i 4500
003 DO-SdBNP
005 20230510094659.0
007 ta
008 230510b2022 dr ||||| |||| 00| 0 spa d
020 _a9789945222364
040 _aDO-SdBNP
_bspa
_cBNPHU
_erda
082 4 _22
100 _aGenao, Marcelo
_983353
245 1 3 _aEl silencio de los años /
_cMarcelo Genao
264 _aSanto Domingo :
_bBúho,
_c2022.
336 _2rdacontent
_atexto
_btxt
337 _2rdamedia
_asin mediación
_bn
338 _2rdacarrier
_avolumen
_bnc
500 _aIncluye datos biográficos del autor en la solapa de la cubierta
590 _aInventariado, 2023/BT
910 _aBtavárez
942 _2ddc
_cLBS1
999 _c53469
_d53469